All Monsters in the August 1979 edition of the D&D Monster Manual - Statistics

General Stats
  • This quiz has been taken 3 times
  • The average score is 117 of 299
Answer Stats
Starting Letter/Type of Monster Subset Monster % Correct
A Aerial Servant
100%
A Anhkheg
100%
A Ant
100%
A Ape
100%
G Goblin
100%
H Hobgoblin
100%
Elemental Air Elemental
67%
A Axebeak
67%
B Baboon
67%
B Badger
67%
B Bear
67%
B Beetle
67%
B Beholder
67%
B Blink Dog
67%
B Brownie
67%
B Bugbear
67%
B Bulette
67%
D Dinosaur
67%
D Displacer Beast
67%
D Djinni
67%
D Dog
67%
D Dolphin
67%
D Doppleganger
67%
D Dragon
67%
D Dwarf
67%
Elemental Earth Elemental
67%
E Elf
67%
Elemental Fire Elemental
67%
G Gar
67%
G Gargoyle
67%
G Gnome
67%
H Halfling
67%
K Kobold
67%
O Ogre
67%
O Orc
67%
P Piercer
67%
P Pike
67%
P Pixie
67%
P Porcupine
67%
T Treant
67%
T Troll
67%
U Unicorn
67%
W Wasp
67%
Elemental Water Elemental
67%
W Whale
67%
W Will O Wisp
67%
Y Yeti
67%
Z Zombie
67%
Dinosaur Anatosaurus
33%
Dinosaur Antrodemus
33%
Dinosaur Apatosaurus
33%
Dinosaur Archelon Ischyras
33%
Devil Asmodeus
33%
Devil Baalzebul
33%
Demon Balor
33%
B Baluchitherium
33%
Devil Barbed
33%
B Barracuda
33%
B Basilisk
33%
B Beaver
33%
Dragon Black Dragon
33%
B Black Pudding
33%
Dragon Blue Dragon
33%
B Boar
33%
Devil Bone
33%
Dinosaur Brachiosaurus
33%
B Brain Mole
33%
Dragon Brass Dragon
33%
Dragon Bronze Dragon
33%
B Buffalo
33%
B Bull
33%
Dinosaur Camarasaurus
33%
C Camel
33%
C Carrion Crawler
33%
C Catoblepas
33%
C Cattle
33%
C Centaur
33%
C Centipede
33%
Dinosaur Ceratosaurus
33%
C Cerebral Parasite
33%
Dinosaur Cetiosaurus
33%
C Chimera
33%
Dragon Chromatic Dragon/Tiamat
33%
Golem Clay Golem
33%
Giant Cloud Giant
33%
C Cockatrice
33%
Dragon Copper Dragon
33%
C Couatl
33%
C Crab
33%
C Crayfish
33%
C Crocodile
33%
Demon Demogorgon
33%
D Demon
33%
D Devil
33%
Dinosaur Dinichtys
33%
Dinosaur Diplodocus
33%
Devil Dispater
33%
D Dragonne
33%
D Dragon Turtle
33%
D Dryad
33%
E Eagle
33%
E Ear Seeker
33%
E Eeel
33%
Dinosaur Elasmosaurus
33%
E Elemental
33%
E Elephant
33%
E Erfeet
33%
Devil Erinyes
33%
E Ettin
33%
E Eye
33%
E Eye of the Deep
33%
Giant Fire Giant
33%
Golem Flesh Golem
33%
F Flightless Bird
33%
F Frog
33%
Giant Frost Giant
33%
F Fungi
33%
G Gas Spore
33%
G Gelatinous Cube
33%
Devil Geryon
33%
G Ghast
33%
G Ghost
33%
G Ghoul
33%
G Giant
33%
Demon Glabrezu
33%
G Gnoll
33%
G Goat
33%
Dragon Gold Dragon
33%
G Golem
33%
G Gorgon
33%
Dinosaur Gorgosaurus
33%
G Gray Ooze
33%
Dragon Green Dragon
33%
G Green Slime
33%
G Griffon
33%
G Groaning Spirit
33%
H Harpy
33%
H Hell Hound
33%
H Herd Animal
33%
Demon Hezrou
33%
Giant Hill Giant
33%
H Hippocampus
33%
H Hippogriff
33%
H Hippopotamus
33%
H Homunculus
33%
Devil Horned
33%
H Horse
33%
H Hydra
33%
H Hyena
33%
Devil Ice
33%
Dinosaur Iguanadon
33%
I Imp
33%
I Intellect Devourer
33%
I Invisible Stalker
33%
I Irish Deer
33%
Golem Iron Golem
33%
I Ixitxachitl
33%
J Jackal
33%
J Jackalwere
33%
J Jaguar
33%
Demon Juiblex
33%
K Ki Rin
33%
Dinosaur Lambeosaurus
33%
L Lamia
33%
L Lammasu
33%
L Lamprey
33%
L Larva
33%
L Leech
33%
Devil Lemure
33%
L Leopard
33%
L Leprechaun
33%
L Leucrotta
33%
L Lich
33%
L Lion
33%
L Lizard
33%
L Lizard Man
33%
L Locathah
33%
L Lurker Above
33%
L Lycanthrope
33%
L Lynx
33%
M Mammoth
33%
Demon Manes
33%
M Manticore
33%
Demon Marilith
33%
M Masher
33%
M Mastodon
33%
M Medusa
33%
Dinosaur Megalosaurus
33%
M Men
33%
M Merman
33%
M Mimic
33%
M Mind
33%
M Mind Flayer
33%
M Minotaur
33%
M Mold
33%
Dinosaur Monoclonius
33%
M Morkoth
33%
Dinosaur Mosasaurus
33%
M Mule
33%
M Mummy
33%
N Naga
33%
Demon Nalfeshnee
33%
N Neotyugh
33%
N Night Hag
33%
N Nightmare
33%
N Nixie
33%
N Nymph
33%
O Ochre Jelly
33%
O Octopus
33%
O Ogre Mage
33%
Demon Orcus
33%
O Otter
33%
O Otyugh
33%
O Owl
33%
O Owlbear
33%
Dinosaur Paleoscincus
33%
P Pegasus
33%
Dinosaur Pentaceratops
33%
P Peryton
33%
Devil Pit Fiend
33%
Dinosaur Plateosaurus
33%
Dragon Platinum Dragon
33%
Dinosaur Plesiosaurus
33%
P Portuguese Man O War
33%
P Pseudo Dragon
33%
Dinosaur Pteranodon
33%
P Purple Worm
33%
Q Quasit
33%
R Rakshasa
33%
R Ram
33%
R Rat
33%
R Ray
33%
Dragon Red Dragon
33%
R Remorhaz
33%
R Rhinoceros
33%
R Roc
33%
R Roper
33%
R Rot Grub
33%
R Rust Monster
33%
S Sahuagin
33%
S Salamander
33%
S Satyr
33%
S Scorpion
33%
S Sea Hag
33%
S Sea Horse
33%
S Sea Lion
33%
S Shadow
33%
S Shambling
33%
S Shark
33%
S Shedu
33%
S Shrieker
33%
Dragon Silver Dragon
33%
S Skeleton
33%
S Skunk
33%
S Slithering Tracker
33%
S Slug
33%
S Snake
33%
S Spectre
33%
S Sphinx
33%
S Spider
33%
S Sprite
33%
S Squid
33%
S Stag
33%
Dinosaur Stegosaurus
33%
S Stirge
33%
Giant Stone Giant
33%
Golem Stone Golem
33%
Giant Storm Giant
33%
S Strangle Weed
33%
Dinosaur Styracosaurus
33%
Demon Succubus
33%
S Su Monster
33%
S Sylph
33%
Dinosaur Teratosaurus
33%
T Thought Eater
33%
T Tick
33%
T Tiger
33%
T Titan
33%
T Titanothere
33%
T Toad
33%
T Trapper
33%
Dinosaur Triceratops
33%
T Triton
33%
T Troglodyte
33%
T Turtle
33%
Dinosaur Tyrannosaurus Rex
33%
U Umber Hulk
33%
V Vampire
33%
Demon Vrock
33%
W Water Weird
33%
W Weasel
33%
Dragon White Dragon
33%
W Wight
33%
W Wind Walker
33%
W Wraith
33%
W Wyvern
33%
X Xorn
33%
Demon Yeenoghu
33%
W Wolf Wolverine
0%
No matching quizzes found
Score Distribution
Percent of People with Each Score
Percentile by Number Answered
Your Score History
You have not taken this quiz